[Event "Mittelfrank Regionalliga Nord-Ost 2223"]
[Site "Mittelfranken"]
[Date "2023.03.05"]
[Round "7.5"]
[White "Paskuy, Werner"]
[Black "Schmahl, Stephan"]
[Result "0-1"]
[WhiteElo "1915"]
[BlackElo "1993"]
[PlyCount "74"]
[EventDate "2022.10.09"]
[EventType "team-tourn"]
[EventRounds "9"]
[EventCountry "GER"]
[SourceTitle "EXT 2024"]
[Source "ChessBase"]
[SourceDate "2023.10.10"]
[SourceVersion "1"]
[SourceVersionDate "2023.10.10"]
[SourceQuality "1"]
[WhiteTeam "Regensburg Bavaria II"]
[BlackTeam "Windischeschenbach"]
[WhiteTeamCountry "GER"]
[BlackTeamCountry "GER"]

1. e4 e6 2. d4 d5 3. e5 c5 4. c3 Qb6 5. Nf3 Bd7 6. Bd3 Bb5 7. Bc2 a5 8. a3 Nc6 9. b3 Rc8 10. Ra2 Ba6 11. g4 cxd4 12. cxd4 f6 13. Be3 fxe5 14. dxe5 Bc5 15. Bxc5 Qxc5 16. Ng5 Qd4 17. Qxd4 Nxd4 18. Kd2 Nh6 19. h3 Rf8 20. Rh2 Rf3 21. Rb2 Nf7 22. Nxf7 Kxf7 23. b4 axb4 24. axb4 h6 25. h4 Nxc2 26. Rxc2 Rxc2+ 27. Kxc2 Bd3+ 28. Kb2 Bxb1 29. Kxb1 Rb3+ 30. Kc2 Rxb4 31. f3 Rf4 32. Rf2 h5 33. gxh5 Rxh4 34. Kd3 Rxh5 35. f4 Rf5 36. Rb2 Rxf4 37. Rxb7+ Kg6 0-1

[Event "Mittelfrank Regionalliga Nord-Ost 2223"]
[Site "Mittelfranken"]
[Date "2023.01.15"]
[Round "5.4"]
[White "Schmahl, Stephan"]
[Black "Hofmann, Tim"]
[Result "1-0"]
[WhiteElo "1993"]
[BlackElo "1765"]
[PlyCount "71"]
[EventDate "2022.10.09"]
[EventType "team-tourn"]
[EventRounds "9"]
[EventCountry "GER"]
[SourceTitle "EXT 2024"]
[Source "ChessBase"]
[SourceDate "2023.10.10"]
[SourceVersion "1"]
[SourceVersionDate "2023.10.10"]
[SourceQuality "1"]
[WhiteTeam "Windischeschenbach"]
[BlackTeam "Nuernberg Sued SW"]
[WhiteTeamCountry "GER"]
[BlackTeamCountry "GER"]

1. d4 Nf6 2. c4 e6 3. Bf4 b6 4. e3 Bb7 5. Nf3 d5 6. Nc3 Be7 7. cxd5 Nxd5 8. Qa4+ Nd7 9. Nxd5 Bxd5 10. Bb5 a6 11. Bc6 b5 12. Qc2 Bb4+ 13. Ke2 Bxc6 14. Qxc6 Ra7 15. Rhc1 Ba5 16. Bg5 Qa8 17. Ne5 Qc8 18. h4 h6 19. Bf4 Bb6 20. d5 exd5 21. Rd1 d4 22. Rac1 Ke7 23. Nf3 Qb7 24. Nxd4 Bxd4 25. Rxd4 Qxc6 26. Rxc6 Nf6 27. Bxc7 Rc8 28. Bd6+ Kd7 29. Rc5 Raa8 30. Bf8+ Ke8 31. Rxc8+ Rxc8 32. Bxg7 Nd7 33. Bxh6 Rc2+ 34. Rd2 Rc6 35. Bf4 Nf6 36. f3 1-0

[Event "Arber op 8th"]
[Site "Bodenmais"]
[Date "2019.08.02"]
[Round "7"]
[White "Peglau, Charis"]
[Black "Schmahl, Stephan"]
[Result "1-0"]
[WhiteElo "1540"]
[BlackElo "2101"]
[PlyCount "47"]
[EventDate "2019.07.27"]
[EventType "swiss"]
[EventRounds "9"]
[EventCountry "GER"]
[SourceTitle "CBM 191 Extra"]
[Source "ChessBase"]
[SourceDate "2019.09.30"]
[SourceVersion "1"]
[SourceVersionDate "2019.09.30"]
[SourceQuality "1"]

1. e4 e6 2. d4 d5 3. exd5 exd5 4. Bd3 Nc6 5. c3 Bd6 6. Nf3 Bg4 7. 0-0 Nge7 8. Re1 Qd7 9. a4 0-0-0 10. b4 Ng6 11. a5 Rde8 12. Rxe8+ Rxe8 13. Nbd2 Nh4 14. b5 Bxf3 15. Nxf3 Nxf3+ 16. Qxf3 Re1+ 17. Bf1 Nxd4 18. cxd4 Qxb5 19. Qh3+ Kb8 20. g3 Ba3 21. Rxa3 Rxc1 22. Rc3 Qb1 23. Rxc1 Qxc1 24. Qxh7 1-0

[Event "Arber op 8th"]
[Site "Bodenmais"]
[Date "2019.08.01"]
[Round "6"]
[White "Schmahl, Stephan"]
[Black "Meixner, Torsten"]
[Result "1-0"]
[WhiteElo "2101"]
[BlackElo "1881"]
[PlyCount "63"]
[EventDate "2019.07.27"]
[EventType "swiss"]
[EventRounds "9"]
[EventCountry "GER"]
[SourceTitle "CBM 191 Extra"]
[Source "ChessBase"]
[SourceDate "2019.09.30"]
[SourceVersion "1"]
[SourceVersionDate "2019.09.30"]
[SourceQuality "1"]

1. d4 d5 2. c4 e6 3. Nf3 Nf6 4. g3 Be7 5. Bg2 0-0 6. 0-0 dxc4 7. Qc2 a6 8. Qxc4 b5 9. Qc2 Bb7 10. Bg5 Nbd7 11. Rd1 h6 12. Bxf6 Nxf6 13. Nc3 Bb4 14. Rac1 Rc8 15. a3 Ba5 16. b4 Bb6 17. e3 Qe7 18. Ne5 Bxg2 19. Kxg2 Nd7 20. Nc6 Qe8 21. Qe4 f5 22. Qf3 e5 23. Qd5+ Kh8 24. dxe5 Nb8 25. Ne2 Nxc6 26. Rxc6 Rd8 27. Qxd8 Qxc6+ 28. Qd5 Qc2 29. Nf4 Kh7 30. Rd2 Qc1 31. e6 Qb1 32. Rd3 1-0

[Event "Arber op 8th"]
[Site "Bodenmais"]
[Date "2019.07.31"]
[Round "5"]
[White "Vuckovic, Zarko"]
[Black "Schmahl, Stephan"]
[Result "1-0"]
[WhiteElo "2214"]
[BlackElo "2101"]
[PlyCount "67"]
[EventDate "2019.07.27"]
[EventType "swiss"]
[EventRounds "9"]
[EventCountry "GER"]
[SourceTitle "CBM 191 Extra"]
[Source "ChessBase"]
[SourceDate "2019.09.30"]
[SourceVersion "1"]
[SourceVersionDate "2019.09.30"]
[SourceQuality "1"]

1. e4 e6 2. d4 d5 3. exd5 exd5 4. Bd3 Nc6 5. c3 Bd6 6. Qf3 Nf6 7. h3 Ne4 8. Bf4 0-0 9. Bxd6 Qxd6 10. Nd2 f5 11. Ne2 Bd7 12. Qf4 Qxf4 13. Nxf4 Rae8 14. Bxe4 dxe4 15. h4 Nd8 16. Nc4 Ne6 17. g3 Nxf4 18. gxf4 Bb5 19. Ne5 Bd3 20. Kd2 Rf6 21. Rae1 Ba6 22. Ke3 b6 23. c4 Rd8 24. Reg1 Rfd6 25. d5 b5 26. b3 bxc4 27. bxc4 Rb6 28. Rg5 Rf6 29. Rhg1 g6 30. h5 Kg7 31. hxg6 hxg6 32. Nxg6 Kf7 33. Ne5+ Ke7 34. Kd4 1-0

[Event "Oberliga Bayern 1819"]
[Site "Bayern"]
[Date "2018.10.21"]
[Round "1.8"]
[White "Schmahl, Stephan"]
[Black "Costa, Leonardo"]
[Result "1-0"]
[WhiteElo "2127"]
[BlackElo "1899"]
[PlyCount "97"]
[EventDate "2018.10.21"]
[EventType "team-tourn"]
[EventRounds "9"]
[EventCountry "GER"]
[SourceTitle "EXT 2020"]
[Source "ChessBase"]
[SourceDate "2019.10.17"]
[SourceVersion "1"]
[SourceVersionDate "2019.10.17"]
[SourceQuality "1"]
[WhiteTeam "Regensburg Bavaria"]
[BlackTeam "Muenchen Suedost"]
[WhiteTeamCountry "GER"]
[BlackTeamCountry "GER"]

1. d4 Nf6 2. c4 g6 3. g3 Bg7 4. Bg2 0-0 5. Nc3 d6 6. Nf3 c6 7. 0-0 Qb6 8. e4 Bg4 9. h3 Bxf3 10. Bxf3 Nfd7 11. Be3 Qxb2 12. Na4 Qb4 13. Rb1 Qxc4 14. Rxb7 Qxa2 15. Bg4 Rd8 16. Nc3 Qc4 17. Qd2 h5 18. Be2 Qe6 19. Kg2 Nb6 20. Ra1 Rd7 21. Rxb6 c5 22. dxc5 Qe5 23. Ra3 dxc5 24. Rxb8+ Qxb8 25. Qxd7 Qb2 26. Rxa7 Rxa7 27. Qxa7 Bxc3 28. Bc4 Bf6 29. Qxc5 Qb1 30. Qd5 e6 31. Qd3 Qb7 32. Bd4 Bxd4 33. Qxd4 Qc6 34. Be2 Qc2 35. Bf3 Qc7 36. e5 Qe7 37. Qf4 Qd7 38. Qg5 Kh7 39. Be4 Kg8 40. Qf6 Qe8 41. h4 Qd7 42. Bxg6 fxg6 43. Qxg6+ Kf8 44. Qxh5 Qd4 45. Qh6+ Ke7 46. Qf6+ Kd7 47. Qf7+ Kd8 48. Qxe6 Qe4+ 49. Kh2 1-0

[Event "Regensburg Donau Cup 2nd"]
[Site "Regensburg"]
[Date "2018.05.11"]
[Round "4"]
[White "Schmahl, Stephan"]
[Black "Schmid, Bernhard1111"]
[Result "1/2-1/2"]
[WhiteElo "2163"]
[BlackElo "1963"]
[PlyCount "72"]
[EventDate "2018.05.09"]
[EventType "swiss"]
[EventRounds "7"]
[EventCountry "GER"]
[SourceTitle "CBM 184 Extra"]
[Source "ChessBase"]
[SourceDate "2018.06.28"]
[SourceVersion "1"]
[SourceVersionDate "2018.06.28"]
[SourceQuality "1"]

1. d4 d5 2. Nf3 Nf6 3. c4 c6 4. e3 Bg4 5. h3 Bh5 6. Nc3 e6 7. g4 Bg6 8. Ne5 Nbd7 9. Nxg6 hxg6 10. cxd5 exd5 11. Bg2 g5 12. Bd2 Bd6 13. Rc1 Nb6 14. b3 Qe7 15. Qc2 Ba3 16. Rd1 Bb4 17. Ne2 Bxd2+ 18. Rxd2 Ne4 19. Bxe4 dxe4 20. Ng3 Nd5 21. Qxe4 Rd8 22. Qxe7+ Kxe7 23. Ne4 Nf6 24. Nxf6 Kxf6 25. Rc2 Rd5 26. Ke2 Ke6 27. Kd3 Rhd8 28. Ke2 Rh8 29. Kd3 Rhd8 30. Ke2 Rh8 31. f3 g6 32. Kf2 Kd6 33. Kg3 Re8 34. Kf2 Rh8 35. Kg3 Re8 36. Kf2 Rh8 1/2-1/2

[Event "Regionalliga NO 0910"]
[Site "Bayern"]
[Date "2009.11.29"]
[Round "3.8"]
[White "Schmahl, Stephan"]
[Black "Huettl, Walter"]
[Result "1/2-1/2"]
[WhiteElo "2099"]
[BlackElo "1930"]
[PlyCount "43"]
[EventDate "2009.10.18"]
[EventType "team-tourn"]
[EventRounds "9"]
[EventCountry "GER"]
[SourceTitle "EXT 2011"]
[Source "ChessBase"]
[SourceDate "2010.11.26"]
[SourceVersion "1"]
[SourceVersionDate "2010.11.26"]
[SourceQuality "1"]
[WhiteTeam "Neutraubling"]
[BlackTeam "Erlangen"]
[WhiteTeamCountry "GER"]
[BlackTeamCountry "GER"]

1. d4 d5 2. c4 e6 3. Nc3 Nf6 4. Bg5 Be7 5. e3 Nbd7 6. cxd5 Nxd5 7. Bxe7 Qxe7 8. Nf3 0-0 9. Rc1 c6 10. Bd3 Nxc3 11. Rxc3 e5 12. Qc2 h6 13. 0-0 Re8 14. Bf5 exd4 15. exd4 Nf6 16. Re3 Bxf5 17. Qxf5 Qd7 18. Qxd7 Nxd7 19. Rfe1 Nf6 20. Rxe8+ Rxe8 21. Rxe8+ Nxe8 22. Kf1 1/2-1/2

[Event "Nittenau-ch 06th"]
[Site "Nittenau"]
[Date "2006.09.17"]
[Round "4"]
[White "Giessmann, Stephan"]
[Black "Schmahl, Stephan"]
[Result "1/2-1/2"]
[WhiteElo "2136"]
[BlackElo "2081"]
[PlyCount "93"]
[EventDate "2006.09.15"]
[EventType "swiss"]
[EventRounds "5"]
[EventCountry "GER"]
[SourceTitle "EXT 2022"]
[Source "ChessBase"]
[SourceDate "2021.10.06"]
[SourceVersion "1"]
[SourceVersionDate "2021.10.06"]
[SourceQuality "1"]

1. d4 f5 2. Nc3 Nf6 3. Bg5 d5 4. Bxf6 exf6 5. e3 Be6 6. Bd3 Qd7 7. Qf3 Nc6 8. Nge2 0-0-0 9. a3 Kb8 10. h3 h5 11. h4 g6 12. 0-0-0 Ne7 13. Nf4 Bf7 14. Qe2 Bh6 15. Bb5 c6 16. Bd3 Nc8 17. Kb1 Rhe8 18. Qd2 Nd6 19. Rh3 Re7 20. Rdh1 Ne4 21. Bxe4 dxe4 22. Nce2 Qe8 23. Qb4 Rc7 24. g3 Bf8 25. Qa4 g5 26. hxg5 fxg5 27. Nxh5 Qe6 28. Nc1 c5 29. Rd1 f4 30. Rhh1 fxe3 31. fxe3 cxd4 32. Rxd4 Rxd4 33. Qxd4 Rd7 34. Qh8 Rd8 35. Qf6 Be7 36. Qxe6 Bxe6 37. Rf1 Kc7 38. Ng7 Bg4 39. Nb3 Rf8 40. Rxf8 Bxf8 41. Ne8+ Kd8 42. Nf6 Bf3 43. Nd2 Bc5 44. Nfxe4 Bxe4 45. Nxe4 Bxe3 46. Nf6 Bf2 47. Ne4 1/2-1/2

[Event "Oberpfalz-ch M1"]
[Site "Regensburg"]
[Date "2006.04.09"]
[Round "3.3"]
[White "Schmahl, Stephan"]
[Black "Giessmann, Stephan"]
[Result "1/2-1/2"]
[WhiteElo "2114"]
[BlackElo "2197"]
[PlyCount "36"]
[EventDate "2006.04.08"]
[EventType "swiss"]
[EventRounds "8"]
[EventCountry "GER"]
[SourceTitle "EXT 2022"]
[Source "ChessBase"]
[SourceDate "2021.10.06"]
[SourceVersion "1"]
[SourceVersionDate "2021.10.06"]
[SourceQuality "1"]

1. d4 d5 2. c4 e6 3. Nc3 Be7 4. Nf3 Nf6 5. Bg5 0-0 6. e3 h6 7. Bh4 Ne4 8. Bxe7 Qxe7 9. Qc2 c6 10. Bd3 Nxc3 11. Qxc3 dxc4 12. Bxc4 Nd7 13. 0-0 c5 14. Bd3 b6 15. Be4 Rb8 16. Qa3 Bb7 17. Bxb7 Rxb7 18. Rac1 Rc8 1/2-1/2